=LDR 00000nam 2200000 4500 =001 INLIS000000000026670 =005 20200422075531 =035 ##$$a 0010-061300000026670 =008 200422################g##########0#ind## =041 ##$$a Ind =082 ##$$a 2 x 3. 46 =090 ##$$a 2x3.46, Sya n =100 ##$$a Sya'ban, Hilmi 'Ali =245 1#$$a Nabi Ishaq : $b Seri para Nabi /$c Hilmi 'Ali Sya'ban; Penerjemah: Saifuddin Zuhri Qudsy =260 ##$$a Surabaya :$b Mitra pustaka,$c 2004 =300 ##$$a 79 hlm ; $c 19 x 12 cm =650 #4$$a Islam - Nabi =850 ##$$a NBPNMAT =084 ##$$a 2 x 3. 46 SYA n =520 ##$$a Judul asli: Ishaq 'alaih as Salam =990 ##$$a 20402552 =990 ##$$a 20402551 =990 ##$$a 20402549